| 000 | 00352nam a2200133Ia 4500 | ||
|---|---|---|---|
| 008 | 161229s9999 xx 000 0 und d | ||
| 020 | _a8185614474 | ||
| 082 | _a658.4KHA/FO | ||
| 100 | _aKhandwalla, Pradip N | ||
| 245 | _aFourth eye:excellence through creativity | ||
| 260 |
_bWheeler Publishing _aNew Delhi _c1988 |
||
| 300 | _ax,420 | ||
| 942 | _cBK | ||
| 999 |
_c148955 _d148955 |
||